How to write proposals and repoets that get results

Bibliographic Details
Main Author: Jay, Ros
Format: Book
Published: London : Pitman Publishing , 1994
Subjects:

MARC

LEADER 00000cam a2200000 7i4500
001 0000008161
002 000008901
005 20000330.0
020 |a 0273606964 
090 0 0 |a 652.1   |b JAY 
100 1 |a Jay, Ros 
245 1 0 |a How to write proposals and repoets that get results   |c Ros Jay 
260 |a London :   |b Pitman Publishing ,   |c 1994 
300 |a 184p. ;   |c 12cm. 
650 0 0 |a Proposal writing in business 
999 |a 052869   |b BUKU   |c PINJAMAN   |e PERPUSTAKAAN KOMUNITI PETALING JAYA